| 000 | 00954nam a22002417a 4500 | ||
|---|---|---|---|
| 003 | 0 | ||
| 005 | 20160609165645.0 | ||
| 008 | 100724t xxu||||| |||| 00| 0 eng d | ||
| 040 |
_aBUAC _bFr _cENEAM |
||
| 100 |
_aALMEIDA de, Florisse _97457 |
||
| 110 |
_aAPHEDD-BAVEC _bFNM _97458 |
||
| 245 |
_aGestion optimale de l'octroi du micro crédit aux plus pauvres par les partenaires stratégiques du FNM: _bcas de l'APHEDD-BAVEC _c/ Florisse, ALMEIDA de, Romaric, MINAVOA |
||
| 260 |
_aCotonou: _bENEAM, _c2009 |
||
| 300 | _a54 p. | ||
| 500 | _aMémoire de fin de formation (cycle I) : ENEAM, pour l'obtention du Diplôme de Technicien Supérieur (DTS) Gestion des Banques. | ||
| 501 | _aPublié avec la version électronique du mémoire. | ||
| 504 | _aComprend: bibliogr. | ||
| 600 |
_aMINAVOA, Romaric _97459 |
||
| 650 |
_aGESTION DES BANQUES _97460 |
||
| 650 |
_aGESTION OPTIMALE DES MICRO CREDITS _97461 |
||
| 650 |
_aPAUVRES _97462 |
||
| 942 | _cTHE | ||
| 999 |
_c47424 _d47424 |
||